| 000 | 00594cab a2200205 4500 | ||
|---|---|---|---|
| 001 | WB2628-47 | ||
| 008 | 090401t1990 xxu||||| |||| 00| 0 eng d | ||
| 035 | _a(Sirsi) u15610 | ||
| 041 | _aeng | ||
| 245 | _aUBR in London | ||
| 260 | _c1990 | ||
| 350 | _a0 | ||
| 490 |
_aEvening Standard _v12/7/90 p23 |
||
| 520 | _aTwo thirds of respondents in the survey by the London Chamber of Commerce find their rates have gone up since the introduction of the UBR. | ||
| 650 | _aLONDON | ||
| 650 | _aUNIFORM BUSINESS RATE | ||
| 690 | _aRATING AND VALUATION | ||
| 942 | _n0 | ||
| 948 | _c04/03/1997 | ||
| 999 |
_c10258 _d10258 |
||